LEADER 01020nam a22002171i 4500 001 991003030289707536 005 20030826133607.0 008 030925s1974 it |||||||||||||||||ita 035 $ab12370654-39ule_inst 035 $aARCHE-041818$9ExL 040 $aBiblioteca Interfacoltà$bita$cA.t.i. Arché s.c.r.l. Pandora Sicilia s.r.l. 245 00$aRivista archeologica della antica provincia e diocesi di Como :$b1872-1972 : atti del convegno celebrativo del centenario /$cSocietà archeologica comense 260 $aComo :$bNoseda,$c1974 300 $a493 p. ;$c24 cm 710 2 $aSocietà archeologica comense$eauthor$4http://id.loc.gov/vocabulary/relators/aut$0209076 907 $a.b12370654$b02-04-14$c08-10-03 912 $a991003030289707536 945 $aLE002 D Ann. 330$g1$i2002000123251$lle002$o-$pE0.00$q-$rl$s- $t0$u0$v0$w0$x0$y.i12775642$z08-10-03 996 $aRivista archeologica della antica provincia e diocesi di Como$91458952 997 $aUNISALENTO 998 $ale002$b08-10-03$cm$da $e-$fita$git $h0$i1 LEADER 03137nam 22006375 450 001 9910158707403321 005 20200706134225.0 010 $a3-319-51451-2 024 7 $a10.1007/978-3-319-51451-2 035 $a(CKB)3710000001006492 035 $a(DE-He213)978-3-319-51451-2 035 $a(MiAaPQ)EBC4774487 035 $a(PPN)197457312 035 $a(EXLCZ)993710000001006492 100 $a20161231d2017 u| 0 101 0 $aeng 135 $aurnn|008mamaa 181 $ctxt$2rdacontent 182 $cc$2rdamedia 183 $acr$2rdacarrier 200 10$aGas Allocation Optimization Methods in Artificial Gas Lift /$fby Ehsan Khamehchi, Mohammad Reza Mahdiani 205 $a1st ed. 2017. 210 1$aCham :$cSpringer International Publishing :$cImprint: Springer,$d2017. 215 $a1 online resource (XII, 46 p. 21 illus.) 225 1 $aSpringerBriefs in Petroleum Geoscience & Engineering,$x2509-3126 311 $a3-319-51450-4 320 $aIncludes bibliographical references. 327 $a1. Introduction -- 2. The Fitness Function of Gas Allocation Optimization -- 3. Constraint Optimization -- 4. Optimization Algorithms. 330 $aThis Brief offers a comprehensive study covering the different aspects of gas allocation optimization in petroleum engineering. It contains different methods of defining the fitness function, dealing with constraints and selecting the optimizer; in each chapter a detailed literature review is included which covers older and important studies as well as recent publications. This book will be of use for production engineers and students interested in gas lift optimization. 410 0$aSpringerBriefs in Petroleum Geoscience & Engineering,$x2509-3126 606 $aFossil fuels 606 $aGeophysics 606 $aGeotechnical engineering 606 $aComputational intelligence 606 $aFossil Fuels (incl. Carbon Capture)$3https://scigraph.springernature.com/ontologies/product-market-codes/114000 606 $aGeophysics/Geodesy$3https://scigraph.springernature.com/ontologies/product-market-codes/G18009 606 $aGeotechnical Engineering & Applied Earth Sciences$3https://scigraph.springernature.com/ontologies/product-market-codes/G37010 606 $aComputational Intelligence$3https://scigraph.springernature.com/ontologies/product-market-codes/T11014 615 0$aFossil fuels. 615 0$aGeophysics. 615 0$aGeotechnical engineering. 615 0$aComputational intelligence. 615 14$aFossil Fuels (incl. Carbon Capture). 615 24$aGeophysics/Geodesy. 615 24$aGeotechnical Engineering & Applied Earth Sciences. 615 24$aComputational Intelligence. 676 $a622.3382 700 $aKhamehchi$b Ehsan$4aut$4http://id.loc.gov/vocabulary/relators/aut$0928068 702 $aMahdiani$b Mohammad Reza$4aut$4http://id.loc.gov/vocabulary/relators/aut 801 0$bMiAaPQ 801 1$bMiAaPQ 801 2$bMiAaPQ 906 $aBOOK 912 $a9910158707403321 996 $aGas Allocation Optimization Methods in Artificial Gas Lift$92085078 997 $aUNINA